Geography Quiz

Random Geography or World Quiz

4-Letter Border Challenge Quiz Stats

 Plays Quiz Updated Mar 20, 2013

Score 0/42 Timer 05:00
9 Plays Today
% Correct
Iraq
93.7%
Saudi Arabia
90.5%
Saudi Arabia
90.5%
Brazil
90.3%
Chile
88.5%
Vietnam
87.4%
Iran
87.3%
Yemen
85.1%
Niger
84.5%
Niger
84.5%
Afghanistan
84.4%
China
83.5%
Cambodia
82.8%
Colombia
82.8%
United Arab Emirates
82.1%
Thailand
82.1%
Bolivia
81.7%
Nigeria
81%
Ecuador
80.6%
Syria
79.1%
Pakistan
78.6%
% Correct
Sudan
77.5%
Turkey
76.9%
Turkey
76.9%
Kuwait
76.6%
Algeria
75.5%
Jordan
75.5%
Libya
74.6%
Myanmar
72.8%
Ghana
69.3%
Benin
67.9%
Cen. Afr. Rep.
66.6%
Mauritania
63.3%
Burkina Faso
62.5%
Burkina Faso
62.5%
Côte d'Ivoire
60.8%
Turkmenistan
60.7%
Senegal
58.6%
Azerbaijan
58.4%
Armenia
57.8%
Cameroon
57.7%
Guinea
55.4%

You're not logged in!

Compare scores with friends on all Sporcle quizzes.
OR
Log In

You Might Also Like...

Show Comments

Extras

Top Quizzes Today


Score Distribution

Your Account Isn't Verified!

In order to create a playlist on Sporcle, you need to verify the email address you used during registration. Go to your Sporcle Settings to finish the process.

Report this User

Report this user for behavior that violates our Community Guidelines.

Details: